Ma belle Evangeline - La Princesse et la Grenouille: Paroles - Statistiques

Statistiques générales
  • Ce quiz a été pris 321 fois
  • Le résultat moyen est 61 sur 77
Statistiques - réponses
Paroles % Correct
belle
100%
Evangeline
100%
Evangeline
100%
Evangeline
100%
Evangeline
100%
Ma
100%
ma
100%
ma
100%
ma
100%
le
95%
le
95%
ciel
93%
ciel
93%
comme
93%
comme
93%
comme
93%
elle
93%
elle
93%
Vois
89%
Vois
89%
enflamme
88%
enflamme
88%
I
86%
moi
86%
moi
86%
moi
86%
pour
84%
pour
84%
C'est
83%
c'est
83%
c'est
83%
la
82%
love
82%
love
82%
qu'elle
82%
Qu'elle
82%
you
82%
je
80%
Je
80%
mie
80%
my
80%
s'illumine
79%
seul
78%
t'aime
78%
t'aime
78%
amour
77%
amour
77%
nuit
75%
Toi
75%
aime
74%
merveilleux
74%
Merveilleux
74%
amie
72%
bien
72%
quelqu'un
72%
dors
71%
vrai
70%
foi
69%
Inaccessible
69%
reine
69%
de
67%
fabuleux
67%
Oh
67%
Oh
67%
oui
65%
vraiment
65%
fidèle
64%
Mais
64%
L'amour
62%
L'amour
62%
Pas
62%
toujours
62%
Louis
60%
nous
58%
fou
57%
trouvé
55%
as
50%
Aucun quiz correspondant
Distribution des résultats
% des personnes avec chaque résultat
Percentile par nombre de réponses
Votre historique - résultats
Vous n’avez pas pris ce quiz